Pokémon - Attacken von Raichu in SD/LP - Statistiken

Allgemein
  • Dieses Quiz wurde 2 mal gespielt
  • Das Durchschnittsergebnis liegt bei 34 aus 60
Antwortstatistiken
Antwort % Korrekt
Blitz
100%
Charme
100%
Donner
100%
Donnerblitz
100%
Donnerschock
100%
Donnerwelle
100%
Elektroball
100%
Erholung
100%
Heuler
100%
Hyperstrahl
100%
Ladevorgang
100%
Ränkeschmied
100%
Ruckzuckhieb
100%
Rutenschlag
100%
Schlafrede
100%
Schockwelle
100%
Schutzschild
100%
Slam
100%
Surfer
100%
Agilität
50%
Anziehung
50%
Bitterkuss
50%
Bodyguard
50%
Delegator
50%
Donnerschlag
50%
Doppelteam
50%
Doppelteam
50%
Durchbruch
50%
Eisenschweif
50%
Elektrofeld
50%
Fassade
50%
Fokusstoß
50%
Funkensprung
50%
Gigastoß
50%
Ladestrahl
50%
Ladungsstoß
50%
Lichtschild
50%
Mogelhieb
50%
Offenlegung
50%
Power-Punch
50%
Reflektor
50%
Regentanz
50%
Säuselstimme
50%
Schaufler
50%
Stärke
50%
Strauchler
50%
Wangenrubbler
50%
Zertrümmerer
50%
Angeberei
0%
Ausdauer
0%
Dreschflegel
0%
Gegenschlag
0%
Geschenk
0%
Kameradschaft
0%
Raub
0%
Schleuder
0%
Spaßkanone
0%
Voltwechsel
0%
Wunschtraum
0%
Zugabe
0%
Keine übereinstimmenden Quizze gefunden
Verteilung der Resultate
Anzahl Personen mit jedem Resultat
Perzentil nach korrekt beantworteten Fragen
Ihre Resultats-Entwicklung
Sie haben dieses Quiz noch nicht gespielt